Interim report on personnel administration. (Record no. 84290)

MARC details
000 -LEADER
fixed length control field 00698cam a2200241 4500
001 - CONTROL NUMBER
control field sa 68012074
003 - CONTROL NUMBER IDENTIFIER
control field DLC
005 - DATE AND TIME OF LATEST TRANSACTION
control field 20260227112606.0
008 - FIXED-LENGTH DATA ELEMENTS--GENERAL INFORMATION
fixed length control field 691021s1965 ii 000 0 eng
010 ## - LIBRARY OF CONGRESS CONTROL NUMBER
LC control number sa 68012074
025 ## - OVERSEAS ACQUISITION NUMBER
Overseas acquisition number PL480:I-E-9445
040 ## - CATALOGING SOURCE
Original cataloging agency DLC
Transcribing agency DLC
Modifying agency DLC
043 ## - GEOGRAPHIC AREA CODE
Geographic area code a-ii---
050 00 - LIBRARY OF CONGRESS CALL NUMBER
Classification number JQ620.M264
Item number A54
082 00 - DEWEY DECIMAL CLASSIFICATION NUMBER
Classification number 354.54/792/006
110 1# - MAIN ENTRY--CORPORATE NAME
Corporate name or jurisdiction name as entry element Maharashtra (India).
Subordinate unit Administrative Reorganisation Committee.
245 10 - TITLE STATEMENT
Title Interim report on personnel administration.
260 ## - PUBLICATION, DISTRIBUTION, ETC.
Place of publication, distribution, etc. [Bombay]
Date of publication, distribution, etc. 1965.
300 ## - PHYSICAL DESCRIPTION
Extent ix, 57 p.
Dimensions 34 cm.
500 ## - GENERAL NOTE
General note Cover title.
650 #0 - SUBJECT ADDED ENTRY--TOPICAL TERM
Topical term or geographic name entry element Civil service
Geographic subdivision India
-- Maharashtra.
650 #0 - SUBJECT ADDED ENTRY--TOPICAL TERM
Topical term or geographic name entry element Personnel management
Geographic subdivision India
-- Maharashtra.

No items available.

Powered by Koha